Suomen kaupungit (50kpl) - Fifty Finnish Cities - Statistics

Yleistilastot
  • Tätä visaa on pelattu 14 728 kertaa
  • Keskiarvotulos 28 / 55
Vastaustilastot
Suomen Kaupungit % Oikein
Helsinki
99%
Tampere
96%
Turku
96%
Oulu
95%
Espoo
93%
Vantaa
93%
Rovaniemi
92%
Jyväskylä
86%
Pori
82%
Vaasa
82%
Kuopio
81%
Lahti
78%
Joensuu
77%
Lappeenranta
74%
Kouvola
69%
Hämeenlinna
68%
Kotka
68%
Seinäjoki
65%
Porvoo
63%
Kokkola
62%
Mikkeli
62%
Rauma
61%
Kemi
57%
Kajaani
55%
Tornio
53%
Sal
52%
Savonlinna
51%
Imatra
50%
Hyvinkää
44%
Järvenpää
42%
Kerava
40%
Riihimäki
40%
Hamina
39%
Iisalmi
37%
Lohja
36%
Naantali
36%
Nokia
35%
Raahe
32%
Varkaus
31%
Forssa
29%
Jämsä
27%
Heinola
26%
Kaarin
26%
Raisio
25%
Pietarsaari
24%
Ylöjärvi
21%
Pieksämäki
19%
Loima
18%
Raasepori
18%
Akaa
17%
Sastamala
17%
Valkeakoski
16%
Äänekoski
15%
Orimattila
14%
Kauhava
13%
Ehtoja vastaavia visoja ei löytynyt
Tulosjakauma
Jokaisen tuloksen saaneiden osuus
Persentiili vastausten määrän mukaan
Tuloshistoriasi
Et ole pelannut tätä visaa